| 000 | 01342cam a22003854a 4500 | ||
|---|---|---|---|
| 001 | 14446408 | ||
| 005 | 20170105102844.0 | ||
| 008 | 060711s2005 enkab b 000 0 eng c | ||
| 010 | _a 2006530772 | ||
| 016 | 7 |
_a101261025 _2DNLM |
|
| 020 | _a1844072193 (alk. paper) | ||
| 035 | _a(OCoLC)ocm68979634 | ||
| 040 |
_aNLM _cNLM _dDLC |
||
| 042 | _apcc | ||
| 043 | _ad------ | ||
| 050 | 0 | 0 |
_aTD327 _b.L46 2005 |
| 060 | 0 | 0 | _a2006 A-230 |
| 060 | 1 | 0 |
_aWA 675 _bL574h 2005 |
| 082 | 0 | 0 |
_a363.61 _222 |
| 100 | 1 | _aLenton, R. L. | |
| 245 | 1 | 0 |
_aHealth, dignity, and development : _bwhat will it take? / _clead authors, Roberto Lenton, Albert M. Wright, Kristen Lewis ; UN Millennium Project, Task Force on Water and Sanitation. |
| 260 |
_aLondon ; _aSterling, VA : _bEarthscan, _c2005. |
||
| 300 |
_axix, 206 : _bill., maps ; _c26 cm. |
||
| 504 | _aIncludes bibliographical references (p. [200]-206). | ||
| 650 | 0 |
_aSanitation _zDeveloping countries. |
|
| 650 | 1 | 2 | _aWater Supply. |
| 650 | 2 | 2 | _aDeveloping Countries. |
| 650 | 2 | 2 | _aSanitation. |
| 700 | 1 | _aWright, Albert Morgan. | |
| 700 | 1 | _aLewis, Kristen. | |
| 710 | 2 |
_aUN Millennium Project. _bTask Force on Water and Sanitation. |
|
| 906 |
_a7 _bcbc _cpccadap _d2 _encip _f20 _gy-gencatlg |
||
| 942 |
_2ddc _cBK |
||
| 999 |
_c13986 _d13986 |
||